alphabet rapidité - Statistiques

Statistiques générales
  • Ce quiz a été pris 266 fois
  • Le résultat moyen est 24 sur 26
Statistiques - réponses
Hint Réponse % Correct
1 a
100%
2 b
98%
3 c
98%
4 d
96%
5 e
96%
6 f
96%
7 g
95%
8 h
95%
9 i
95%
10 j
95%
11 k
94%
12 l
94%
13 m
93%
14 n
92%
15 o
92%
16 p
92%
17 q
91%
18 r
91%
19 s
91%
20 t
91%
21 u
91%
22 v
91%
23 w
90%
24 x
90%
25 y
90%
26 z
90%
Aucun quiz correspondant
Distribution des résultats
% des personnes avec chaque résultat
Percentile par nombre de réponses
Votre historique - résultats
Vous n’avez pas pris ce quiz